00543nam a2200145Ia 4500008004100000020001500041050001700056100003000073245006100103260004200164300003700206490005200243500006400295650003800359120626s1993 mx a 000 0 spa d a9684441630 aQH308.2bW65 aWong Torres, Flor eautor aBiologíab: guía del estudiantec/ Flor, Wong Torres aMéxicob: Alhambra Mexicanac, 1993 a287 páginas b: ilustraciones  aSerie Desarrollo de habilidades del pensamiento aIncluye: Agradecimientos (p. 8), Introducción (pp. 9-13) 0aBIOLOGÍAxESTUDIO Y ENSEÑANZA